Mechanical vibrations, active and passive control (Record no. 573619)

000 -LEADER
fixed length control field 00548nam a22001817a 4500
003 - CONTROL NUMBER IDENTIFIER
control field CEME
005 - DATE AND TIME OF LATEST TRANSACTION
control field 20210628203428.0
008 - FIXED-LENGTH DATA ELEMENTS--GENERAL INFORMATION
fixed length control field 210118b xxu||||| |||| 00| 0 eng d
020 ## - INTERNATIONAL STANDARD BOOK NUMBER
International Standard Book Number 1905209293
040 ## - CATALOGING SOURCE
Transcribing agency ceme
082 ## - DEWEY DECIMAL CLASSIFICATION NUMBER
Classification number 621.811 KRY
100 ## - MAIN ENTRY--PERSONAL NAME
Personal name Krysinski, Tomasz, Malburet, Francois
9 (RLIN) 65394
245 ## - TITLE STATEMENT
Title Mechanical vibrations, active and passive control
260 ## - PUBLICATION, DISTRIBUTION, ETC.
Place of publication, distribution, etc. INDIA
Name of publisher, distributor, etc. VIVA BOOK
Date of publication, distribution, etc. 2007
300 ## - PHYSICAL DESCRIPTION
Extent XIV, 364P
650 ## - SUBJECT ADDED ENTRY--TOPICAL TERM
Topical term or geographic name entry element ROTORS VIBRATION.DANPUR MECHANICES. STRUCTURAL CONTROL.MECHANICAL VIBRATIONS
9 (RLIN) 65395
942 ## - ADDED ENTRY ELEMENTS (KOHA)
Koha item type Book
Source of classification or shelving scheme
Holdings
Withdrawn status Lost status Damaged status Not for loan Permanent Location Current Location Shelving location Date acquired Total Checkouts Full call number Barcode Date last seen Price effective from Koha item type
        College of Electrical & Mechanical Engineering (CEME) College of Electrical & Mechanical Engineering (CEME) General Stacks 07/27/2017   621.811 KRY CEME-44847 06/28/2021 06/28/2021 Book
© 2023 Central Library, National University of Sciences and Technology. All Rights Reserved.